000 01170cam a22003257a 4500
003 CHAP
005 20220329135931.0
008 971013s1970 r 00010 d
010 _a44314
011 _a45286
035 _a49425
040 _cCHAP
082 _a631.7
_bT39
100 0 0 _aTaylor, James A.
_9111803
245 1 4 _aThe role of water in agriculture; based on papers and discusion at a symposium held at the Welsh plant breedings station near Aberystwyth on March, 1969
260 _aOxford :
_bPergamon Press,
_c1970
300 _a230 p.
_b: ilus.
590 _aBATCH-UPD
_b10
_c20130110
_lUCH01
_h0136
590 _aBATCH-UPD
_b10
_c20130110
_lUCH01
_h1109
590 _aBATCH-UPD
_b10
_c20130410
_lUCH01
_h0700
590 _aBATCH-UPD
_b10
_c20130914
_lUCH01
_h1655
590 _aCONVERSION
_b10
_c20130109
_lUCH01
_h1324
650 1 4 _aAgua para irrigacion.
_92430
650 1 4 _aIrrigación.
_960366
901 _aBK
942 _cLIBRO
949 _a631.7 T39
_bBC
_cLIBRO
_d-111498
_eLIBRO
_fc.2
_h35349
_i49425
_si
949 _a631.7 T39
_bBC
_cLIBRO
_d33724000169595
_eLIBRO
_h14960
_i49425
_si
949 _a631.7 T39
_bBC
_cUACH
_d-111499
_eUACH
_fc.3
_h39133
_i49425
_si
999 _c44314
_d44314